Company of kinsmen: (Record no. 159689)

MARC details
000 -LEADER
fixed length control field 00672nam a22001937a 4500
005 - DATE AND TIME OF LATEST TRANSACTION
control field 20181231115530.0
010 ## - LCCN (DPL NO)
LC control number ENG-124613
020 ## - INTERNATIONAL STANDARD BOOK NUMBER
International Standard Book Number 9780199486809
Terms of availability 495.00
035 ## - SYSTEM CONTROL NUMBER
System control number EN-108145
037 ## - SOURCE OF ACQUISITION
Source of stock number/acquisition DBAD/PUB
082 ## - DEWEY DECIMAL CLASSIFICATION NUMBER
Classification number 338.70954
100 ## - MAIN ENTRY--PERSONAL NAME
Personal name Roy, Tirthankar
245 ## - TITLE STATEMENT
Title Company of kinsmen:
Statement of responsibility, etc by Tirthankar Roy
Remainder of title enterprise and community in south asian history 1700-1940/
260 ## - PUBLICATION, DISTRIBUTION, ETC. (IMPRINT)
Place of publication, distribution, etc New Delhi
Name of publisher, distributor, etc Oxford University Press
Date of publication, distribution, etc 2018
270 ## - ADDRESS
City New Delhi
Postal code 110002
Address 2/11 Ground Floor, Ansari Road, Daryaganj,
300 ## - PHYSICAL DESCRIPTION
Extent xiii,252p.
Dimensions 21cm.(pbk)
500 ## - GENERAL NOTE
General note It includes Epilogue, bibliography and index
942 ## - ADDED ENTRY ELEMENTS (KOHA)
Source of classification or shelving scheme Dewey Decimal Classification
Item type English Books
Classification part 338.70954
Call number suffix ROY
Holdings
Withdrawn status Lost status Not for loan Collection code Home library Current library Date acquired Source of acquisition Cost, normal purchase price Full call number Barcode Copy number Cost, replacement price Koha item type
    Not For Loan Non-fiction D.B.Act.Division Bawana 31/12/2018 DBAD/PUB 495.00 338.70954 ROY EN-108145 1 495.00 English Books

© Delhi Public Library
Hit Counter
free hit counter